Electrochemistry, past and present / (Record no. 26280)

MARC details
000 -LEADER
fixed length control field 01626cam a2200337 i 4500
001 - CONTROL NUMBER
control field 1034580
003 - CONTROL NUMBER IDENTIFIER
control field EG-ScBUE
005 - DATE AND TIME OF LATEST TRANSACTION
control field 20250716102248.0
008 - FIXED-LENGTH DATA ELEMENTS--GENERAL INFORMATION
fixed length control field 890109s1989 dcua f b 101 0 eng d
020 ## - INTERNATIONAL STANDARD BOOK NUMBER
International Standard Book Number 0841215723
040 ## - CATALOGING SOURCE
Original cataloging agency DLC
Language of cataloging eng
Description conventions rda
Transcribing agency DLC
Modifying agency DLC
-- EG-ScBUE
082 04 - DEWEY DECIMAL CLASSIFICATION NUMBER
Classification number 541.37
Edition number 22
Item number ELE
245 00 - TITLE STATEMENT
Title Electrochemistry, past and present /
Statement of responsibility, etc editor John T. Stock, University of Connecticut, Mary Virginia Orna, College of New Rochelle.
264 #1 - PUBLICATION, DISTRIBUTION, ETC. (IMPRINT)
Place of publication, distribution, etc Washington :
Name of publisher, distributor, etc American Chemical Society,
Date of publication, distribution, etc 1989.
300 ## - PHYSICAL DESCRIPTION
Extent ix, 606 pages :
Other physical details illustrations ;
Dimensions 24 cm.
336 ## - CONTENT TYPE
Source rdacontent
Content type term text
Content type code txt
337 ## - MEDIA TYPE
Media type term unmediated
Source rdamedia
Media type code n
338 ## - CARRIER TYPE
Carrier type term volume
Carrier type code nc
Source rdacarrier
490 0# - SERIES STATEMENT
Series statement ACS Symposium Series ;
Volume number/sequential designation 390
500 ## - GENERAL NOTE
General note "Developed from a symposium sponsored by the Division of the History of Chemistry and the Division of Analytical Chemistry of the American Chemical Society, at the Third Chemical Congress of North America (195th National Meeting of the American Chemical Society), Toronto, Ontario, Canada, June 5-11, 1988."
504 ## - BIBLIOGRAPHY, ETC. NOTE
Bibliography, etc Includes bibliographical references and index.
650 #7 - SUBJECT ADDED ENTRY--TOPICAL TERM
Topical term or geographic name as entry element Electrochemistry
General subdivision Congresses.
Source of heading or term BUEsh
650 #7 - SUBJECT ADDED ENTRY--TOPICAL TERM
Topical term or geographic name as entry element Electrochemistry
General subdivision History
-- Congresses.
Source of heading or term BUEsh
653 ## - INDEX TERM--UNCONTROLLED
Resource For college Generalities
-- Engineering, Electrical
Arrived date list March2018
655 ## - INDEX TERM--GENRE/FORM
Form subdivision Reading book
700 1# - ADDED ENTRY--PERSONAL NAME
Personal name Stock, John T.
Fuller form of name (John Thomas),
Dates associated with a name 1911-
Relator term editor.
700 1# - ADDED ENTRY--PERSONAL NAME
Personal name Orna, Mary Virginia.
Relator term editor.
856 42 - ELECTRONIC LOCATION AND ACCESS
Materials specified Publisher description
Uniform Resource Identifier <a href="http://www.loc.gov/catdir/enhancements/fy0603/89000015-d.html">http://www.loc.gov/catdir/enhancements/fy0603/89000015-d.html</a>
856 41 - ELECTRONIC LOCATION AND ACCESS
Materials specified Table of contents only
Uniform Resource Identifier <a href="http://www.loc.gov/catdir/enhancements/fy0603/89000015-t.html">http://www.loc.gov/catdir/enhancements/fy0603/89000015-t.html</a>
942 ## - ADDED ENTRY ELEMENTS (KOHA)
Source of classification or shelving scheme Dewey Decimal Classification
Koha item type Book - Borrowing
Holdings
Withdrawn status Lost status Source of classification or shelving scheme Damaged status Not for loan Home library Current library Shelving location Date acquired Total Checkouts Full call number Barcode Date last seen Price effective from Koha item type
    Dewey Decimal Classification     Central Library Central Library First floor 12/03/2018   541.37 ELE 000047364 15/07/2025 12/03/2018 Book - Borrowing